Statistics for SPFL premiership and championship attendances

Click here to take the quiz!

General Stats

  • This quiz has been taken 51 times
  • The average score is 17 of 22

Answer Stats

HintAnswer% Correct
54,624Celtic
100%
48,893Rangers
100%
16,325Hearts
95%
12,640Aberdeen
95%
15,394HIbernian
91%
6,431Dundee
89%
6,584Dundee united
86%
3,598St mirren
84%
4,392St johnstone
82%
4,485Motherwell
77%
4,963Kilmarnock
77%
3,958Inverness
77%
2,530Hamilton
77%
4,103Ross county
73%
5,032Falkirk
73%
4,282Partick thistle
70%
4.438Dunfermline
64%
1,866Ayr united
64%
2,361greenock morton
59%
1,856Queen of the south
52%
2,631Raith rovers
48%
1,130Dumbarton
48%

Score Distribution

Percentile by Number Answered

Percent of People with Each Score

Your Score History

You have not taken this quiz